Landkreise und Stadtkreise in Württemberg-Baden (1951) - Statistiken

Allgemein
  • Dieses Quiz wurde 39 mal gespielt
  • Das Durchschnittsergebnis liegt bei 21 aus 35
Antworten auf der Karte
Die Antworten werden auf der Karte rot bzw. grün angezeigt, abhängig davon wie oft sie richtig erraten wurden.
 
Antwortstatistiken
C Antwort % Korrekt
1 Stuttgart
100%
1 Karlsruhe
93%
2 Karlsruhe
93%
1 Mannheim
93%
2 Mannheim
93%
1 Ulm
93%
2 Ulm
93%
1 Heidelberg
89%
2 Heidelberg
89%
1 Heilbronn
89%
2 Heilbronn
89%
1 Pforzheim
82%
2 Pforzheim
82%
2 Ludwigsburg
79%
2 Heidenheim
68%
2 Eßlingen
64%
2 Göppingen
61%
2 Schwäbisch Hall
61%
2 Aalen
57%
2 Böblingen
57%
2 Tauberbischofsheim
50%
2 Schwäbisch Gmünd
46%
2 Waiblingen
46%
2 Backnang
36%
2 Crailsheim
36%
2 Leonberg
32%
2 Künzelsau
29%
2 Bruchsal
25%
2 Mosbach
25%
2 Nürtingen
25%
2 Sinsheim
21%
2 Buchen
18%
2 Öhringen
18%
2 Mergentheim
14%
2 Vaihingen
14%
Keine übereinstimmenden Quizze gefunden
Verteilung der Resultate
Anzahl Personen mit jedem Resultat
Perzentil nach korrekt beantworteten Fragen
Ihre Resultats-Entwicklung
Sie haben dieses Quiz noch nicht gespielt